000 00306nam a22001337a 4500
008 170424b xxu||||| |||| 00| 0 eng d
020 _a9780815332183
041 _aeng
080 _24 ED
_a573
100 _a11
101 _aSHM
245 _aMOLECULAR BIOLOGY THE CELL
_cALBERTS.B
942 _2udc
_cBK
999 _c11579
_d11579